| 000 | 00451nam a22001337a 4500 | ||
|---|---|---|---|
| 008 | 240821b |||||||| |||| 00| 0 eng d | ||
| 040 |
_aNational Science Library _cNational Science Library |
||
| 080 |
_aD 681.3(082.2) _bK52 |
||
| 245 | _aStatistical association methods for mechanized documentation | ||
| 260 |
_aWashington: _bUS Government Printing Press, _c1965 |
||
| 300 | _a261p. | ||
| 700 | _aStevens, Mary Elizabeth (Ed.) | ||
| 942 |
_2udc _cPR |
||
| 999 |
_c65942 _d65942 |
||